000 00519pam a2200205 a 4500
001 3769110
005 20240206051008.0
008 831012t19841977nyu b 001 0 eng
020 _a042276650X (pbk.)
040 _aDLC
_cDLC
_dDLC
082 0 0 _a306/.36
_219
_bPET.
100 1 _aAnthony, Peter,
245 1 4 _aThe ideology of work /
_cP.D. Anthony.
260 _aNew York, NY :
_bTavistock,
_c1984, 1977.
300 _a340 p. ;
500 _aIncludes indexes.
650 0 _aWork ethic.
650 0 _aWork
942 _cL
999 _c309
_d309